Nazwij gwiazdozbiory z mapą - Statystyki

Ogólne statystyki
  • Ten quiz został rozwiązany 5 479 razy
  • Średni wynik to 15 z 55
Odpowiedzi na mapie
Odpowiedzi zakodowano w zielono-czerwonej skali na mapie do tego quizu, zgodnie z poniższymi procentami.
 
Statystyki odpowiedzi
Gwiazdozbiór % Poprawnych
Lew
71%
Rak
70%
Bliźnięta
68%
Byk
68%
Koziorożec
67%
Waga
65%
Skorpion
63%
Strzelec
63%
Wielka Niedźwiedzica
63%
Wodnik
63%
Mała Niedźwiedzica
62%
Ryby
62%
Baran
57%
Orion
51%
Smok
37%
Andromeda
27%
Kasjopeja
27%
Krzyż Południa
27%
Herkules
25%
Trójkąt
25%
Łabędź
24%
Orzeł
22%
Pegaz
22%
Żyrafa
20%
Hydra
18%
Perseusz
18%
Wielki Pies
18%
Wilk
17%
Woźnica
17%
Wolarz
16%
Cefeusz
15%
Centaur
15%
Wieloryb
15%
Ryś
14%
Kruk
12%
Zając
12%
Erydan
11%
Feniks
11%
Oktan
11%
Paw
11%
Gołąb
10%
Kil
10%
Warkocz Bereniki
10%
Żagiel
10%
Żuraw
10%
Ara
9%
Rufa
9%
Trójkąt Południowy
8%
Tukan
8%
Wąż wodny
8%
Ryba Południowa
7%
Rzeźbiarz
7%
Sieć
7%
Złota Ryba
7%
Inidianin
6%
Nie znaleziono quizów pasujących do podanych kryteriów
Rozkład punktacji
Procent ludzi z każdym wynikiem
Percentyl według liczby udzielonych odpowiedzi
Twoja historia wyników
Nie rozwiązałeś tego quizu